| 000 | 00553nam a2200181Ia 4500 | ||
|---|---|---|---|
| 003 | GCL | ||
| 008 | 140319s9999 xx 000 0 eng d | ||
| 040 |
_aGCL / _cGCL |
||
| 082 | 0 | 4 |
_a069 _bM M |
| 100 | 1 | _aTHE MUSEM OF NATIONAL HISTORY | |
| 245 | 1 | 0 |
_aTHE MUSEUM OF NATIONAL HISTORY AT FEDERIKSBORG CASTLE:OFFICIAL GUIDE / _cTHE MUSEM OF NATIONAL HISTORY |
| 260 |
_a[S.N] : _bTHE MUSEM OF NATIONAL HISTORY ، _c1971 |
||
| 300 | _a86P. | ||
| 650 | 0 | 4 | _aMUSEUM - GUIDE |
| 650 | 0 | 4 | _aMUSEUM - DENMARK |
| 650 | 0 | 4 | _aFREDRIKSBORG CASTLE |
| 942 |
_2ddc _cBK |
||
| 999 |
_c12103 _d12103 |
||